000
00224nam a22000857a 4500
008
161217b xxu||||| |||| 00| 0 eng d
100
_9
2106
_a
Aggarwal. V.P Et.Al
245
_a
Biology . Lab Class XI
260
_a
New Delhi
_b
APC
_c
2011
999
_c
4990
_d
4990